[Event "Kieler Open 2015 Gruppe A"]
[Site "Kiel"]
[Date "2015.07.25"]
[Round "1.1"]
[White "Baramidze, David"]
[Black "Weber, Benedikt"]
[Result "1-0"]
[WhiteElo "2596"]
[BlackElo "2009"]
[PlyCount "69"]
[EventDate "2015.??.??"]
[WhiteTeam "SV Hockenheim"]
[BlackTeam "Reideburger SV"]

1. d4 Nf6 2. c4 e6 3. g3 d5 4. Bg2 Bb4+ 5. Bd2 Be7 6. Nf3 O-O 7. O-O c6 8. Qc2
b6 9. Rd1 Ba6 10. Ne5 Nfd7 11. cxd5 cxd5 12. Nd3 Qc8 13. Nc3 Nc6 14. e3 Bxd3
15. Qxd3 Nf6 16. Rac1 Qd7 17. Qb5 a6 18. Qxb6 Rfb8 19. Nxd5 Nxd5 20. Qxc6 Qxc6
21. Rxc6 Rxb2 22. e4 Nf6 23. a4 a5 24. d5 Ra2 25. d6 Bd8 26. e5 Nd7 27. f4 Rb8
28. Be3 g5 29. Ba7 Ra8 30. Rc7 Rxa7 31. Rc8 gxf4 32. Rxd8+ Kg7 33. gxf4 Nb6 34.
Bc6 Rc2 35. d7 1-0

[Event "Kieler Open 2015 Gruppe A"]
[Site "Kiel"]
[Date "2015.07.25"]
[Round "1.2"]
[White "Schäfer, Martin"]
[Black "Stopa, Jacek"]
[Result "0-1"]
[WhiteElo "1978"]
[BlackElo "2541"]
[PlyCount "82"]
[EventDate "2015.??.??"]
[WhiteTeam "Kieler SG"]
[BlackTeam "Polen"]

1. e4 g6 2. Nc3 Bg7 3. Nf3 a6 4. d4 b5 5. Bd3 d6 6. O-O Bb7 7. Re1 e6 8. Bg5
Ne7 9. Qd2 h6 10. Be3 Nd7 11. a3 c5 12. dxc5 Nxc5 13. Bd4 e5 14. Bxc5 dxc5 15.
Rad1 O-O 16. Bf1 Nc6 17. Nd5 Nd4 18. c3 Nxf3+ 19. gxf3 c4 20. Qe3 Qh4 21. f4
Bxd5 22. Rxd5 exf4 23. Qh3 Qe7 24. Qd7 Qf6 25. Qg4 Rfe8 26. Bg2 h5 27. Qf3 Ra7
28. Red1 Bf8 29. Rd7 Rxd7 30. Rxd7 Bd6 31. Qd1 Be5 32. Bf3 Kg7 33. Kh1 Qh4 34.
Qd5 Qxf2 35. Rxf7+ Kh6 36. Qd1 Rd8 37. Qe2 Qxe2 38. Bxe2 Rd2 39. Re7 Rxe2 40.
Rxe5 Rxb2 41. a4 b4 0-1

[Event "Kieler Open 2015 Gruppe A"]
[Site "Kiel"]
[Date "2015.07.25"]
[Round "1.3"]
[White "Dgebuadze, Alexandre"]
[Black "Lippmann, Kai"]
[Result "1-0"]
[WhiteElo "2490"]
[BlackElo "1971"]
[PlyCount "47"]
[EventDate "2015.??.??"]
[WhiteTeam "SC 1950 Remagen"]
[BlackTeam "Raisdorfer SG"]

1. e4 c6 2. c4 d5 3. exd5 cxd5 4. cxd5 Qxd5 5. Nc3 Qa5 6. Nf3 Nf6 7. Qb3 e6 8.
d4 Be7 9. Bb5+ Nbd7 10. O-O O-O 11. Re1 a6 12. Bd3 b5 13. Bd2 Qd8 14. a4 b4 15.
Ne4 a5 16. Nfg5 Nxe4 17. Bxe4 Bxg5 18. Bxg5 Qxg5 19. Bxa8 Nb6 20. Bc6 Ba6 21.
Qe3 Qf6 22. b3 Rd8 23. Qe5 Rxd4 24. Qxa5 1-0

[Event "Kieler Open 2015 Gruppe A"]
[Site "Kiel"]
[Date "2015.07.25"]
[Round "1.4"]
[White "Boyens, Birger"]
[Black "Lanka, Zigurds"]
[Result "0-1"]
[WhiteElo "1969"]
[BlackElo "2419"]
[PlyCount "52"]
[EventDate "2015.??.??"]
[WhiteTeam "Husumer SV"]
[BlackTeam "TSV Schott Mainz"]

1. e4 c5 2. Nf3 a6 3. d4 cxd4 4. Nxd4 Nf6 5. Nc3 e5 6. Nf3 Bb4 7. Bd2 d6 8. Bc4
Qc7 9. Qe2 Nbd7 10. O-O O-O 11. Nd5 Nxd5 12. Bxd5 Bxd2 13. Qxd2 Nf6 14. c4 Bg4
15. Nh4 Qe7 16. Nf5 Bxf5 17. exf5 Rac8 18. h3 Qd7 19. g4 Rfd8 20. a4 Rc7 21. b3
h5 22. f3 b5 23. cxb5 axb5 24. a5 Rc5 25. Be4 d5 26. Qb4 Qa7 0-1

[Event "Kieler Open 2015 Gruppe A"]
[Site "Kiel"]
[Date "2015.07.25"]
[Round "1.5"]
[White "Voloshin, Leonid"]
[Black "Zimmermann, Manfred"]
[Result "1-0"]
[WhiteElo "2417"]
[BlackElo "1957"]
[PlyCount "71"]
[EventDate "2015.??.??"]
[WhiteTeam "Jicin"]
[BlackTeam "Kieler SG"]

1. e4 c5 2. Nf3 a6 3. c4 Nc6 4. d4 cxd4 5. Nxd4 e6 6. Nc3 Nge7 7. Nc2 Ng6 8.
Be2 Bc5 9. O-O O-O 10. Kh1 f5 11. exf5 Rxf5 12. f4 Qf8 13. Bd3 Rf7 14. Bxg6
hxg6 15. Ne4 Be7 16. Ne1 g5 17. Nf3 gxf4 18. Nfg5 Bxg5 19. Nxg5 Rf6 20. Qd3 Rf5
21. Rxf4 g6 22. g4 Rxf4 23. Qxg6+ Qg7 24. Qxg7+ Kxg7 25. Bxf4 e5 26. Be3 b5 27.
c5 Bb7 28. Kg1 Nb4 29. Rf1 Rf8 30. Rxf8 Kxf8 31. a3 Nd3 32. b4 Ke7 33. h4 Nb2
34. Kf2 Nc4 35. Bc1 d5 36. h5 1-0

[Event "Kieler Open 2015 Gruppe A"]
[Site "Kiel"]
[Date "2015.07.25"]
[Round "1.6"]
[White "Möller, Dustin"]
[Black "Wichmann, Cliff"]
[Result "0-1"]
[WhiteElo "1947"]
[BlackElo "2358"]
[PlyCount "80"]
[EventDate "2015.??.??"]
[WhiteTeam "Eckernförder SC"]
[BlackTeam "ESV Nickelhütte Aue"]

1. d4 d5 2. c4 dxc4 3. Nf3 Nf6 4. g3 c5 5. Nc3 cxd4 6. Qxd4 Qxd4 7. Nxd4 a6 8.
Bg2 e5 9. Nc2 Nc6 10. Bg5 Be7 11. Ne3 Be6 12. Bxf6 Bxf6 13. Ncd5 Bxd5 14. Bxd5
Na5 15. Nxc4 Nxc4 16. Bxc4 Rc8 17. Bd3 O-O 18. O-O Rc7 19. Rac1 Rfc8 20. Rxc7
Rxc7 21. Rd1 Bg5 22. h4 Be7 23. h5 g6 24. hxg6 hxg6 25. g4 Kg7 26. a4 Kf6 27.
b3 Kg5 28. Bc4 Bc5 29. Rd5 f6 30. Rd3 Kxg4 31. Rg3+ Kh5 32. Rh3+ Kg5 33. e4 f5
34. exf5 gxf5 35. Rg3+ Kf6 36. Rg8 Rd7 37. Rc8 Be7 38. Kg2 e4 39. Rh8 Rd2 40.
Rh6+ Kg5 0-1

[Event "Kieler Open 2015 Gruppe A"]
[Site "Kiel"]
[Date "2015.07.25"]
[Round "1.7"]
[White "Ernst, Thomas"]
[Black "Wanner, Lukas"]
[Result "1-0"]
[WhiteElo "2349"]
[BlackElo "1944"]
[PlyCount "99"]
[EventDate "2015.??.??"]
[WhiteTeam "Farsta SK"]
[BlackTeam "SK Doppelbauer Kiel"]

1. e4 c5 2. Nf3 g6 3. c4 Bg7 4. d4 cxd4 5. Nxd4 Nc6 6. Be3 d6 7. Nc3 Nf6 8. Be2
O-O 9. O-O Bd7 10. f3 Nxd4 11. Bxd4 Bc6 12. b4 b6 13. Qd2 Nd7 14. Be3 Qc7 15.
Rfd1 Rfc8 16. Rac1 Qd8 17. Nd5 a5 18. b5 Bb7 19. Nxe7+ Qxe7 20. Qxd6 Qxd6 21.
Rxd6 Nc5 22. Rxb6 Bf8 23. Kf1 Rc7 24. Rd1 Nd7 25. Bf4 Nxb6 26. Bxc7 Bc5 27. e5
Rc8 28. Bd6 Na4 29. Bxc5 Nxc5 30. f4 Kf8 31. Bg4 Rc7 32. Rd8+ Ke7 33. Rb8 h5
34. Be2 Rc8 35. Rxc8 Bxc8 36. Kf2 f6 37. exf6+ Kxf6 38. Ke3 Bb7 39. g3 Kf5 40.
Kd4 Ne6+ 41. Ke3 Nc5 42. h3 Kf6 43. g4 hxg4 44. hxg4 g5 45. fxg5+ Kxg5 46. Kd4
Ne6+ 47. Ke5 Nf4 48. Bd1 Nd3+ 49. Kd6 Nb2 50. Be2 1-0

[Event "Kieler Open 2015 Gruppe A"]
[Site "Kiel"]
[Date "2015.07.25"]
[Round "1.8"]
[White "Lehr, Thomas"]
[Black "Stolz, Mike"]
[Result "0-1"]
[WhiteElo "1939"]
[BlackElo "2335"]
[PlyCount "56"]
[EventDate "2015.??.??"]
[WhiteTeam "Husumer SV"]
[BlackTeam "SV Magdeburg"]

1. e4 c5 2. b3 Nc6 3. Bb2 d6 4. Bb5 Bd7 5. Nc3 Nf6 6. Nge2 e6 7. O-O Be7 8. d3
O-O 9. Qd2 a6 10. Bxc6 Bxc6 11. f4 d5 12. e5 Nd7 13. Ng3 f5 14. exf6 Bxf6 15.
Rae1 Bd4+ 16. Kh1 e5 17. Nd1 Bxb2 18. Nxb2 exf4 19. Rxf4 Rxf4 20. Qxf4 Qf6 21.
Qxf6 Nxf6 22. d4 b6 23. Re6 Bd7 24. Rxb6 cxd4 25. Nd3 Rc8 26. Ne1 d3 27. Nxd3
Rxc2 28. Nf1 Bb5 0-1

[Event "Kieler Open 2015 Gruppe A"]
[Site "Kiel"]
[Date "2015.07.25"]
[Round "1.9"]
[White "Jahncke, Giso"]
[Black "Janse, Alexander"]
[Result "1-0"]
[WhiteElo "2308"]
[BlackElo "1936"]
[PlyCount "77"]
[EventDate "2015.??.??"]
[WhiteTeam "Preetzer TSV"]
[BlackTeam "Klim-op Rotterdam"]

1. Nf3 c5 2. c4 Nf6 3. g3 b6 4. Bg2 Bb7 5. O-O e6 6. Nc3 Be7 7. d4 cxd4 8. Qxd4
Nc6 9. Qd3 O-O 10. Rd1 a6 11. Bg5 Nb4 12. Qd2 Bxf3 13. Bxf3 Ra7 14. e4 Nc6 15.
Bf4 e5 16. Be3 Bb4 17. a3 Bxc3 18. Qxc3 d6 19. b4 Rd7 20. Rd2 Qb8 21. Qd3 h6
22. Bd1 b5 23. Bb3 Rfd8 24. Rad1 Qb7 25. cxb5 axb5 26. Bd5 Nxd5 27. Qxd5 Qa6
28. Qb3 Ne7 29. f3 Ra8 30. Rd3 Rad8 31. R1d2 Nc8 32. Qd1 Kf8 33. h4 Qb7 34. a4
bxa4 35. Qxa4 Ke7 36. Qa5 Qc7 37. Qa6 Qb7 38. b5 Na7 39. Rxd6 1-0

[Event "Kieler Open 2015 Gruppe A"]
[Site "Kiel"]
[Date "2015.07.25"]
[Round "1.10"]
[White "Müller, Winus"]
[Black "Plüg, Andreas"]
[Result "0-1"]
[WhiteElo "1927"]
[BlackElo "2295"]
[PlyCount "72"]
[EventDate "2015.??.??"]
[WhiteTeam "SG Plöner See"]
[BlackTeam "Preetzer TSV"]

1. d4 c5 2. d5 e5 3. e4 d6 4. Nf3 Nf6 5. Nc3 Be7 6. Be2 O-O 7. O-O Ne8 8. a4
Nd7 9. h3 g6 10. Bh6 Ng7 11. Qd2 Nf6 12. Nh2 Kh8 13. Ng4 Ng8 14. Bxg7+ Kxg7 15.
Ra3 Bg5 16. Qe1 f5 17. exf5 gxf5 18. Nh2 Nh6 19. Nf3 Bf6 20. Qc1 Rg8 21. Rb3 b6
22. Re1 a6 23. Bf1 Ra7 24. Ne2 Rf7 25. Ng3 f4 26. Ne4 Kh8 27. Kh1 Rfg7 28. Ng1
Nf5 29. Nf3 Rg6 30. Qd1 Be7 31. Qd3 Qc7 32. c4 Bd8 33. Re2 Qg7 34. Ne1 Nd4 35.
Rd2 Nxb3 36. Qxb3 Bxh3 0-1

[Event "Kieler Open 2015 Gruppe A"]
[Site "Kiel"]
[Date "2015.07.25"]
[Round "1.11"]
[White "Krause, Jonah"]
[Black "Thesing, Ansgar"]
[Result "1-0"]
[WhiteElo "2259"]
[BlackElo "1916"]
[PlyCount "59"]
[EventDate "2015.??.??"]
[WhiteTeam "SV Bargteheide"]
[BlackTeam "SC Kreuzberg"]

1. d4 Nf6 2. c4 g6 3. Nc3 d6 4. e4 Bg7 5. h3 O-O 6. Bg5 Nbd7 7. Nge2 c5 8. d5
h6 9. Be3 Ne5 10. Ng3 a6 11. f4 Ned7 12. a4 Qb6 13. Qc2 e6 14. dxe6 fxe6 15.
Be2 d5 16. cxd5 exd5 17. exd5 Re8 18. Bf2 Qb4 19. O-O Qxf4 20. Qxg6 Ne5 21. Qc2
Qg5 22. Ra3 b6 23. Nce4 Qg6 24. Nxf6+ Bxf6 25. Ne4 Bg7 26. Rg3 Ng4 27. Bd3 Bf5
28. Nxc5 Bxd3 29. Nxd3 Ne3 30. Rxe3 1-0

[Event "Kieler Open 2015 Gruppe A"]
[Site "Kiel"]
[Date "2015.07.25"]
[Round "1.12"]
[White "Rieper, Julian"]
[Black "Zuse, Peter"]
[Result "1-0"]
[WhiteElo "1906"]
[BlackElo "2256"]
[PlyCount "89"]
[EventDate "2015.??.??"]
[WhiteTeam "SK Doppelbauer Kiel"]
[BlackTeam "Klub Kölner SF"]

1. e4 c5 2. Nf3 d6 3. d4 cxd4 4. Nxd4 Nf6 5. Nc3 a6 6. Be3 e5 7. Nb3 Be7 8. f3
Be6 9. Qd2 Nbd7 10. Be2 O-O 11. Nd5 Nxd5 12. exd5 Bf5 13. O-O h6 14. Rac1 a5
15. c4 a4 16. Na1 Bg5 17. f4 exf4 18. Bxf4 Bxf4 19. Rxf4 Bg6 20. Nc2 Nc5 21.
Nd4 Qb6 22. Rd1 Rfe8 23. h4 Re5 24. Kh2 Rae8 25. b4 axb3 26. axb3 Re3 27. Rf3
R3e4 28. Rh3 Rxd4 29. Qxd4 Rxe2 30. h5 Bc2 31. Rg3 Re5 32. Qg4 Rg5 33. Qc8+ Kh7
34. Rxg5 hxg5 35. Re1 Ne4 36. Qf5+ Kh6 37. Qxf7 Nf6 38. Re7 Qf2 39. Qxg7+ Kxh5
40. Qh8+ Kg4 41. Qh3+ Kf4 42. Rf7 Bf5 43. Rxf6 Ke5 44. Qc3+ Ke4 45. Qf3+ 1-0

[Event "Kieler Open 2015 Gruppe A"]
[Site "Kiel"]
[Date "2015.07.25"]
[Round "1.13"]
[White "Bracker, Arne"]
[Black "Schulz, Toni"]
[Result "1-0"]
[WhiteElo "2256"]
[BlackElo "1895"]
[PlyCount "63"]
[EventDate "2015.??.??"]
[WhiteTeam "Hamburger SK"]
[BlackTeam "ESV Lok Raw Cottbus"]

1. d4 Nf6 2. Nf3 c5 3. d5 d6 4. c4 Nbd7 5. Nc3 e5 6. e4 Be7 7. g3 O-O 8. Bg2
Ne8 9. O-O g6 10. Ne1 Ng7 11. Nd3 h5 12. f4 Bf6 13. Be3 a6 14. a4 Qe7 15. Qd2
h4 16. b3 Nh5 17. Rf3 hxg3 18. hxg3 Bg7 19. f5 Ndf6 20. Bh3 gxf5 21. Bxf5 Bxf5
22. Rxf5 Nxg3 23. Rg5 Ngh5 24. Qg2 Kh7 25. Qh3 Rg8 26. Qf5+ Kh8 27. Kf2 Bh6 28.
Rh1 Rxg5 29. Bxg5 Ng4+ 30. Qxg4 Qxg5 31. Qxg5 Bxg5 32. Rxh5+ 1-0

[Event "Kieler Open 2015 Gruppe A"]
[Site "Kiel"]
[Date "2015.07.25"]
[Round "1.14"]
[White "Werner, René"]
[Black "Junge, Ralph"]
[Result "0-1"]
[WhiteElo "1885"]
[BlackElo "2214"]
[PlyCount "58"]
[EventDate "2015.??.??"]
[WhiteTeam "Kieler SG"]
[BlackTeam "SG Turm Kiel"]

1. d4 g6 2. Nf3 Bg7 3. c4 Nf6 4. Nc3 O-O 5. g3 d6 6. Bg2 c6 7. O-O Qa5 8. Qc2
Nbd7 9. Bd2 Qc7 10. Rac1 e5 11. dxe5 Nxe5 12. Nxe5 dxe5 13. b4 Bf5 14. e4 Bg4
15. Rfe1 Rfd8 16. f3 Be6 17. Na4 Bxc4 18. Be3 Bd3 19. Qf2 b6 20. Rc3 Qe7 21.
Nb2 Bb5 22. Rec1 Qxb4 23. Rb3 Qd6 24. a4 Ba6 25. f4 Ng4 26. Qf3 exf4 27. Qxf4
Nxe3 28. Rxe3 Qxf4 29. gxf4 Bxb2 0-1

[Event "Kieler Open 2015 Gruppe A"]
[Site "Kiel"]
[Date "2015.07.25"]
[Round "1.15"]
[White "Johansson, Thomas"]
[Black "Saß, Patrick"]
[Result "1/2-1/2"]
[WhiteElo "2203"]
[BlackElo "1878"]
[PlyCount "152"]
[EventDate "2015.??.??"]
[WhiteTeam "UASS Uppsala"]
[BlackTeam "SV Bad Schwartau"]

1. d4 Nf6 2. c4 c5 3. d5 b5 4. cxb5 a6 5. bxa6 g6 6. Nc3 Bxa6 7. Nf3 d6 8. e4
Bxf1 9. Kxf1 Nbd7 10. g3 Bg7 11. Kg2 O-O 12. a4 Qb6 13. Qe2 Rfb8 14. Nb5 Ne8
15. Ra3 Nc7 16. Nxc7 Qxc7 17. b3 Rb7 18. Qc2 Nb8 19. Bd2 Na6 20. Bc3 Nb4 21.
Qd2 Bxc3 22. Qxc3 f6 23. h4 Kf7 24. h5 g5 25. Nd2 h6 26. Nc4 Qd7 27. Ne3 Kg7
28. Raa1 e6 29. Rad1 exd5 30. Nxd5 Qe6 31. Rhe1 Rab8 32. Re3 Nc6 33. Qxf6+ Qxf6
34. Nxf6 Nd4 35. e5 dxe5 36. Ne4 Rxb3 37. Nxc5 Rxe3 38. fxe3 Rb2+ 39. Kh3 Nf5
40. Rd3 Ra2 41. Rb3 Nd6 42. Kg4 Kf6 43. Rb6 Ke7 44. Kf3 Ra3 45. Rb3 Ra2 46. Ne4
Rxa4 47. Nxd6 Kxd6 48. Rb6+ Kd5 49. g4 e4+ 50. Kg2 Ra2+ 51. Kf1 Ra1+ 52. Kf2
Ra2+ 53. Kg3 Re2 54. Rxh6 Rxe3+ 55. Kg2 Ke5 56. Rg6 Kf4 57. h6 Rg3+ 58. Kf2 Rh3
59. Re6 e3+ 60. Ke1 Kxg4 61. Ke2 Kf4 62. Rf6+ Ke5 63. Rf3 Rxh6 64. Kxe3 Ra6 65.
Kf2 Ra4 66. Kg2 Rf4 67. Rd3 Kf5 68. Rb3 Re4 69. Kg3 Kg6 70. Kf3 Ra4 71. Kg3 Kh5
72. Re3 Rg4+ 73. Kh3 Rg1 74. Kh2 Rd1 75. Kg3 Rd5 76. Rb3 Rc5 1/2-1/2

[Event "Kieler Open 2015 Gruppe A"]
[Site "Kiel"]
[Date "2015.07.25"]
[Round "1.16"]
[White "Reinhardt, Johannes"]
[Black "Lindborg, Petter"]
[Result "0-1"]
[WhiteElo "1875"]
[BlackElo "2197"]
[PlyCount "110"]
[EventDate "2015.??.??"]
[WhiteTeam "SV Bad Schwartau"]
[BlackTeam "Solna SchackSälsskap"]

1. e4 e6 2. d4 d5 3. exd5 exd5 4. Nf3 Nc6 5. Bd3 Bd6 6. h3 Nge7 7. O-O f6 8.
Nc3 Be6 9. Nb5 Qd7 10. Nxd6+ Qxd6 11. c3 O-O-O 12. b4 Bf5 13. a4 g5 14. b5 Bxd3
15. Qxd3 Na5 16. Ba3 Qd7 17. Bxe7 Qxe7 18. Qf5+ Rd7 19. Rfe1 Qf7 20. Re6 Rf8
21. Rae1 Kd8 22. Nd2 Qg6 23. Qxg6 hxg6 24. f3 Rdf7 25. Kf2 Kd7 26. Nf1 Nc4 27.
R6e2 c6 28. Ne3 Nxe3 29. Rxe3 Rc8 30. Rb1 b6 31. bxc6+ Rxc6 32. a5 bxa5 33. Rb5
Kd6 34. Rxa5 a6 35. Re8 Ra7 36. Rd8+ Ke7 37. Rh8 Ke6 38. Re8+ Kf7 39. Rh8 Kg7
40. Rd8 Rxc3 41. Rd6 Rc2+ 42. Kg3 Re7 43. Raxa6 Ree2 44. Ra7+ Kh6 45. Kh2 Rxg2+
46. Kh1 Rgd2 47. Ra1 Rxd4 48. Rxf6 Kh5 49. Rg1 Rdd2 50. Rb1 d4 51. Rf8 Kh6 52.
Rh8+ Kg7 53. Rd8 Kf6 54. Rd6+ Kf5 55. Re1 d3 0-1

[Event "Kieler Open 2015 Gruppe A"]
[Site "Kiel"]
[Date "2015.07.25"]
[Round "1.17"]
[White "Niering, Martin"]
[Black "Wegemund, Hubert"]
[Result "1-0"]
[WhiteElo "2178"]
[BlackElo "1873"]
[PlyCount "117"]
[EventDate "2015.??.??"]
[WhiteTeam "SV Magdeburg"]
[BlackTeam "SK Norderstedt"]

1. e4 d6 2. d4 Nf6 3. Nc3 g6 4. h3 Bg7 5. Nf3 c6 6. Bd3 Nbd7 7. O-O e5 8. dxe5
dxe5 9. Be3 O-O 10. Qd2 Re8 11. Ne2 Nf8 12. Ng3 b6 13. Bh6 Bh8 14. Ng5 Ne6 15.
Rad1 b5 16. c3 Nc5 17. Bc4 Be6 18. Bxe6 Nxe6 19. Nxe6 Qxd2 20. Rxd2 Rxe6 21.
Rfd1 Rae8 22. f3 Bg7 23. Be3 a5 24. Ne2 Bf8 25. g4 Rc8 26. Ng3 Ne8 27. Ne2 Nf6
28. b3 a4 29. Nc1 Ne8 30. Nd3 Rd6 31. Nxe5 Rxd2 32. Bxd2 Bg7 33. Bf4 axb3 34.
axb3 c5 35. c4 bxc4 36. bxc4 Nc7 37. Nc6 Bf6 38. Be5 Bxe5 39. Ne7+ Kf8 40. Nxc8
Bd4+ 41. Kf1 g5 42. Nd6 Be5 43. Nf5 Ke8 44. h4 gxh4 45. Nxh4 Ke7 46. Ng2 Ne6
47. Rd5 f6 48. f4 Bd4 49. Rh5 Nf8 50. Ke2 Kf7 51. Ne1 Kg7 52. Rd5 Ne6 53. Kf3
Bc3 54. Nd3 Bd4 55. Rd7+ Kh6 56. Rd6 Nf8 57. e5 Kg7 58. e6 Ng6 59. f5 1-0

[Event "Kieler Open 2015 Gruppe A"]
[Site "Kiel"]
[Date "2015.07.25"]
[Round "1.18"]
[White "Gutschenreiter, Dorian"]
[Black "Schnitzer, Peter"]
[Result "0-1"]
[WhiteElo "1865"]
[BlackElo "2178"]
[PlyCount "86"]
[EventDate "2015.??.??"]
[WhiteTeam "Flensburger SK"]
[BlackTeam "SC Kreuzberg"]

1. e4 c5 2. Nf3 d6 3. d4 cxd4 4. Nxd4 Nf6 5. Nc3 a6 6. Bg5 e6 7. f4 Nbd7 8. Qf3
Qc7 9. Bd3 b5 10. O-O-O Bb7 11. Rhe1 Qb6 12. Qe3 Rc8 13. Bxf6 gxf6 14. Kb1 Qc5
15. Nb3 Qxe3 16. Rxe3 Bh6 17. g3 Ke7 18. a3 Rhd8 19. Be2 Nb6 20. Na5 Ba8 21.
Bf3 Bg7 22. Red3 Rd7 23. Na2 Nc4 24. Nxc4 Rxc4 25. Nc3 Bb7 26. f5 Bf8 27. b3
Rc8 28. Bg4 Rc5 29. Re1 Re5 30. Rdd1 Rc7 31. Kb2 Rec5 32. Rd3 Re5 33. Rdd1 Bh6
34. fxe6 fxe6 35. Bf3 Bg7 36. Bh1 f5 37. Na2 Bxe4 38. Bxe4 Rxe4+ 39. c3 Rxe1
40. Rxe1 d5 41. Re3 d4 42. Rd3 dxc3+ 43. Nxc3 Rxc3 0-1

[Event "Kieler Open 2015 Gruppe A"]
[Site "Kiel"]
[Date "2015.07.25"]
[Round "1.19"]
[White "Petri, Alexander"]
[Black "Rosenburg, Hauke"]
[Result "1-0"]
[WhiteElo "2167"]
[BlackElo "1862"]
[PlyCount "55"]
[EventDate "2015.??.??"]
[WhiteTeam "SK Doppelbauer Kiel"]
[BlackTeam "SF Burg"]

1. d4 d5 2. Nf3 Nf6 3. c4 e6 4. g3 Be7 5. Bg2 O-O 6. O-O Nbd7 7. Qc2 dxc4 8.
Qxc4 Nb6 9. Qc2 Bd7 10. Ne5 Nfd5 11. Nc3 f6 12. Nd3 c6 13. Rd1 Nb4 14. Nxb4
Bxb4 15. Qb3 Qe7 16. Ne4 Be8 17. a3 Bd6 18. Nxd6 Qxd6 19. a4 Qe7 20. Bd2 Qd7
21. Bb4 Rf7 22. e4 f5 23. a5 Nc8 24. d5 cxd5 25. exd5 e5 26. d6 Kh8 27. Rac1
Qa4 28. d7 1-0

[Event "Kieler Open 2015 Gruppe A"]
[Site "Kiel"]
[Date "2015.07.25"]
[Round "1.20"]
[White "Schulz, Gerhard"]
[Black "Hoffmann, Hendrik"]
[Result "0-1"]
[WhiteElo "1858"]
[BlackElo "2159"]
[PlyCount "58"]
[EventDate "2015.??.??"]
[WhiteTeam "VT Ludwigslust"]
[BlackTeam "SG Leipzig"]

1. d4 d5 2. Nf3 Nf6 3. e3 c5 4. c3 Nc6 5. Bd3 Bg4 6. Nbd2 e6 7. O-O Bd6 8. h3
Bh5 9. dxc5 Bxc5 10. Qa4 O-O 11. b4 Bd6 12. b5 Ne5 13. Nxe5 Bxe5 14. Bb2 Rc8
15. Rac1 Bb8 16. Rfe1 Nd7 17. Qc2 Bg6 18. Bxg6 hxg6 19. Qb1 Qa5 20. Ba1 Ne5 21.
f4 Nc4 22. Nxc4 Rxc4 23. Re2 Rfc8 24. Kf2 R8c5 25. Rb2 Qc7 26. b6 Qd6 27. bxa7
Bxa7 28. Rxb7 Ra5 29. Rb4 Qxf4+ 0-1

[Event "Kieler Open 2015 Gruppe A"]
[Site "Kiel"]
[Date "2015.07.25"]
[Round "1.21"]
[White "Voelzke, Ferdinand"]
[Black "Millgramm, Stephan"]
[Result "1-0"]
[WhiteElo "2149"]
[BlackElo "1846"]
[PlyCount "71"]
[EventDate "2015.??.??"]
[WhiteTeam "SG Turm Kiel"]
[BlackTeam "Flensburger SK"]

1. Nf3 g6 2. g3 Bg7 3. Bg2 Nf6 4. O-O O-O 5. c4 c5 6. Nc3 Nc6 7. d4 cxd4 8.
Nxd4 Nh5 9. e3 Nxd4 10. exd4 f5 11. Qd3 e6 12. b3 a6 13. Ba3 d6 14. Rad1 Qc7
15. f4 Re8 16. b4 Rb8 17. Bb2 b6 18. Rf2 Bb7 19. d5 e5 20. fxe5 Bxe5 21. Rc2
Re7 22. Ne2 Bxb2 23. Rxb2 Rbe8 24. Rdd2 Re3 25. Qd4 Kf7 26. Kf2 Nf6 27. Bf3
Ne4+ 28. Kxe3 Qe7 29. Bxe4 Qg5+ 30. Kf2 fxe4 31. Qe3 Qf5+ 32. Kg2 Bc8 33. Qf4
e3 34. Rd4 Kg7 35. Qxf5 Bxf5 36. g4 1-0

[Event "Kieler Open 2015 Gruppe A"]
[Site "Kiel"]
[Date "2015.07.25"]
[Round "1.22"]
[White "Rohmann, Volker"]
[Black "Buchholz, Sebastian"]
[Result "0-1"]
[WhiteElo "1841"]
[BlackElo "2143"]
[PlyCount "60"]
[EventDate "2015.??.??"]
[WhiteTeam "SVG Friedrichsort"]
[BlackTeam "SK Doppelbauer Kiel"]

1. e4 c5 2. Nf3 g6 3. d4 cxd4 4. Nxd4 Bg7 5. c4 Nc6 6. Nxc6 bxc6 7. Bd3 d6 8.
O-O Nf6 9. Nc3 O-O 10. Qe2 Nd7 11. Be3 Ne5 12. f3 Rb8 13. Rab1 Qa5 14. Bd2 Be6
15. Rfc1 Nxc4 16. Bxc4 Qc5+ 17. Be3 Qxc4 18. Qxc4 Bxc4 19. b3 Bd3 20. Rb2 Rb7
21. Rd2 Ba6 22. Ne2 c5 23. Nc3 Ra8 24. Nd5 Kf8 25. Kf2 Bb5 26. g3 a5 27. Nc3 a4
28. Nxb5 Rxb5 29. bxa4 Rxa4 30. Rcc2 Rb1 0-1

[Event "Kieler Open 2015 Gruppe A"]
[Site "Kiel"]
[Date "2015.07.25"]
[Round "1.23"]
[White "Homuth, Manfred"]
[Black "Eberhardt, Michael"]
[Result "1-0"]
[WhiteElo "2142"]
[BlackElo "1827"]
[PlyCount "47"]
[EventDate "2015.??.??"]
[WhiteTeam "Eckernförder SC"]
[BlackTeam "SC Agon Neumünster"]

1. e4 d5 2. exd5 Nf6 3. d4 Bg4 4. f3 Bf5 5. c4 c6 6. dxc6 Nxc6 7. Be3 Qa5+ 8.
Nc3 e5 9. d5 O-O-O 10. Bd3 Bg6 11. Nge2 Bc5 12. Bxc5 Qxc5 13. Bxg6 hxg6 14. Qa4
Nd4 15. O-O-O Nxe2+ 16. Nxe2 Nxd5 17. Kb1 Nb6 18. Qxa7 Kc7 19. Nc3 Ra8 20. Nd5+
Kc6 21. Qxb6+ Qxb6 22. Nxb6 Kxb6 23. Rd5 Rab8 24. Rhd1 1-0

[Event "Kieler Open 2015 Gruppe A"]
[Site "Kiel"]
[Date "2015.07.25"]
[Round "1.24"]
[White "Röhl, Manfred"]
[Black "Haffner, Alexander"]
[Result "0-1"]
[WhiteElo "1826"]
[BlackElo "2136"]
[PlyCount "80"]
[EventDate "2015.??.??"]
[WhiteTeam "SK Bremen-Nord"]
[BlackTeam "SK Doppelbauer Kiel"]

1. d4 Nf6 2. Nf3 g6 3. Nbd2 Bg7 4. e4 d6 5. Bd3 O-O 6. O-O Nc6 7. c3 e5 8. d5
Ne7 9. Nc4 Nh5 10. Be3 Bg4 11. h3 Bd7 12. Qc1 f5 13. Bg5 f4 14. Kh2 h6 15. Bxe7
Qxe7 16. g4 fxg3+ 17. fxg3 Kh7 18. Qe3 Rf7 19. Ncd2 a6 20. c4 Raf8 21. b4 Be8
22. Rf2 Qd7 23. Bf1 g5 24. g4 Nf4 25. a4 Bf6 26. Ng1 Rg8 27. Be2 Be7 28. b5 a5
29. Raf1 b6 30. Bf3 Rh8 31. Rd1 Kg8 32. Nf1 h5 33. gxh5 Nxh3 34. Ng3 Nxf2 35.
Qxf2 g4 36. Be2 Bh4 37. Qe3 Bg5 38. Qd3 Bf4 39. Kg2 Qe7 40. Bf1 Qh4 0-1

[Event "Kieler Open 2015 Gruppe A"]
[Site "Kiel"]
[Date "2015.07.25"]
[Round "1.25"]
[White "Friedel, Marcus"]
[Black "Schumacher, Horst"]
[Result "1-0"]
[WhiteElo "2121"]
[BlackElo "1815"]
[PlyCount "69"]
[EventDate "2015.??.??"]
[WhiteTeam "SK Ettlingen"]
[BlackTeam "TuS Holtenau"]

1. e4 d5 2. exd5 Nf6 3. d4 Bg4 4. Nf3 Qxd5 5. Be2 e6 6. c4 Bb4+ 7. Nc3 Qa5 8.
Bd2 c6 9. h3 Qh5 10. Qb3 Bxf3 11. Qxb4 Bxe2 12. Nxe2 Nbd7 13. Qxb7 O-O 14. Qxc6
Rfc8 15. Qf3 Qxf3 16. gxf3 Rxc4 17. Rc1 Rac8 18. Kd1 Rxc1+ 19. Bxc1 e5 20. Be3
Nd5 21. Rg1 Nxe3+ 22. fxe3 exd4 23. Nxd4 Rc5 24. Kd2 Ne5 25. Rc1 Rxc1 26. Kxc1
a6 27. Kc2 Kf8 28. Kc3 Ke7 29. f4 Nd7 30. Kc4 Nb6+ 31. Kb4 Nd5+ 32. Ka5 Nxe3
33. Kxa6 Nd5 34. Ne2 Nb4+ 35. Kb5 1-0

[Event "Kieler Open 2015 Gruppe A"]
[Site "Kiel"]
[Date "2015.07.25"]
[Round "1.26"]
[White "Götz, Dirk"]
[Black "Horn, Peter"]
[Result "0-1"]
[WhiteElo "1798"]
[BlackElo "2110"]
[PlyCount "66"]
[EventDate "2015.??.??"]
[WhiteTeam "TuS Holtenau"]
[BlackTeam "SCC Palame"]

1. d4 Nf6 2. Nf3 c5 3. e3 g6 4. g3 Bg7 5. Bg2 O-O 6. O-O Qc7 7. c3 d6 8. Re1 e5
9. dxe5 dxe5 10. e4 a6 11. Qc2 b5 12. Nbd2 Bb7 13. Nf1 Nbd7 14. b3 Rfd8 15. Bb2
c4 16. N3d2 Nc5 17. bxc4 Nd3 18. Ne3 Nxe1 19. Rxe1 bxc4 20. Nexc4 a5 21. Ba3
Bf8 22. Bxf8 Kxf8 23. Rb1 Bc6 24. h3 Kg7 25. Ne3 Rab8 26. Rxb8 Qxb8 27. c4 Nd7
28. Nd5 f6 29. Qc3 Qa7 30. Qa3 Qc5 31. Qxc5 Nxc5 32. Bf1 Kf7 33. Be2 Rb8 0-1

[Event "Kieler Open 2015 Gruppe A"]
[Site "Kiel"]
[Date "2015.07.25"]
[Round "1.27"]
[White "Saglam, Bülent"]
[Black "Riha, Peter"]
[Result "1-0"]
[WhiteElo "2102"]
[BlackElo "1787"]
[PlyCount "71"]
[EventDate "2015.??.??"]
[WhiteTeam "SK Doppelbauer Kiel"]
[BlackTeam "Schleswiger SV"]

1. e4 e5 2. Nf3 Nc6 3. Bb5 a6 4. Ba4 d6 5. O-O Bd7 6. c3 Nge7 7. d4 Ng6 8. Nbd2
Be7 9. Re1 h6 10. Nf1 Bg5 11. Be3 Bxe3 12. Nxe3 Nce7 13. dxe5 Nxe5 14. Nxe5
dxe5 15. Re2 b5 16. Bb3 c5 17. Rd2 Ra7 18. a4 c4 19. Bc2 Rc7 20. axb5 axb5 21.
Ra6 Qc8 22. Rad6 Nc6 23. R2d5 Rb7 24. b3 cxb3 25. Bxb3 g6 26. h3 Ke7 27. c4 b4
28. Ba4 f6 29. Rc5 Rc7 30. Qd5 Be6 31. Rdxc6 Bxd5 32. Rxc7+ Qxc7 33. Nxd5+ Kd6
34. Rxc7 Ra8 35. c5+ Ke6 36. Re7# 1-0